Quizzes
Events
Quiz Creation
Community
Videos
Private Events
Remove Ads
Sign In
Join for FREE
Feedback
Dark Mode
Quiz Categories
Sports
Geography
Music
Movies
Television
Just For Fun
Miscellaneous
History
Literature
Language
Science
Gaming
Entertainment
Religion
Holiday
For Kids
Quiz Lab
Recent
Popular Today
Quiz Kudos Today
Editor Picks
Curator Picks
Quizzes by...
Day
Popularity
Type
Ratings
Length
Year
Community
Subscriptions
Recent Discussions
Orange Saloon
Badges
Playlists
Quests
Create
Leaderboards
Showdown
Live 5
Trivia Bingo
Activity
Puzzle Library
Sporcle Events
Private Events
Virtual Trivia
Globe League
Become a Host
Pub Owners
SporcleCon
Opinionation
Our Games
Videos
Blog
Mobile Apps
Partnerships
Remove Ads and Go Orange
Feedback
Television
TV Characters
TV Show
Sitcom
Network
Friends
Reality Shows
Cast
South Park
Star Trek
The Simpsons
Doctor Who
Television
TV Characters
TV Show
Sitcom
Network
Friends
Reality Shows
Cast
South Park
Star Trek
The Simpsons
Doctor Who
Random Quiz
Search Sporcle
×
Quiz Lab
Quiz Lab
Television
Amazing Race
Type in answers that appear in a list
Type in answers that appear in a list
Classic
Best Score? Go Orange.
The Amazing Race 19 Leg Placements Stats
Can you name the Amazing Race 19 Leg Placements?
By
unique2013
20m
84 Questions
104 Plays
104 Plays
104 Plays
Comments
Comments
Give Quiz Kudos
Give Quiz Kudos
-
- Ratings
hide this ad
More Info
Forced Order
Answers have to be entered in order
Answers have to be entered in order
Replay
Link that replays current quiz
Next Quiz
Link to next quiz in quiz playlist
You Got
0%
They Got
Avg Score
83%
Avg Friend Score
Upgrade to see
Score Distribution
Jump to the score distribution portion of the page
Score
0/84
Timer
20:00
0
Plays Today
Leg
Team
% Correct
Leg 1 (Taiwan)
Ernie and Cindy
97.1%
Leg 1 (Taiwan)
Jeremy and Sandy
89.4%
Leg 1 (Taiwan)
Ethan and Jenna
87.5%
Leg 1 (Taiwan)
Andy and Tommy
87.5%
Leg 1 (Taiwan)
Bill and Cathi
87.5%
Leg 2 (Indonesia)
Andy and Tommy
87.5%
Leg 1 (Taiwan)
Justin and Jennifer
86.5%
Leg 2 (Indonesia)
Ethan and Jenna
86.5%
Leg 2 (Indonesia)
Ron and Bill
86.5%
Leg 3 (Indonesia)
Andy and Tommy
86.5%
Leg 4 (Thailand)
Andy and Tommy
86.5%
Leg 1 (Taiwan)
Liz and Marie
85.6%
Leg 1 (Taiwan)
Amani and Marcus
85.6%
Leg 1 (Taiwan)
Ron and Bill
85.6%
Leg 5 (Thailand)
Andy and Tommy
85.6%
Leg 6 (Malawi)
Andy and Tommy
85.6%
Leg 1 (Taiwan)
Laurence and Zac
84.6%
Leg 2 (Indonesia)
Laurence and Zac
84.6%
Leg 2 (Indonesia)
Ernie and Cindy
84.6%
Leg 3 (Indonesia)
Laurence and Zac
84.6%
Leg 4 (Thailand)
Liz and Marie
84.6%
Leg 5 (Thailand)
Liz and Marie
84.6%
Leg 7 (Malawi)
Andy and Tommy
84.6%
Leg 11 (Panama)
Andy and Tommy
84.6%
Leg 12 (USA)
Ernie and Cindy
84.6%
Leg 2 (Indonesia)
Amani and Marcus
83.7%
Leg 1 (Taiwan)
Kaylani and Lisa
83.7%
Leg 2 (Indonesia)
Kaylani and Lisa
83.7%
Leg
Team
% Correct
Leg 2 (Indonesia)
Liz and Marie
83.7%
Leg 2 (Indonesia)
Bill and Cathi
83.7%
Leg 2 (Indonesia)
Justin and Jennifer
83.7%
Leg 3 (Indonesia)
Ernie and Cindy
83.7%
Leg 3 (Indonesia)
Bill and Cathi
83.7%
Leg 3 (Indonesia)
Liz and Marie
83.7%
Leg 3 (Indonesia)
Kaylani and Lisa
83.7%
Leg 4 (Thailand)
Laurence and Zac
83.7%
Leg 4 (Thailand)
Ernie and Cindy
83.7%
Leg 4 (Thailand)
Bill and Cathi
83.7%
Leg 5 (Thailand)
Bill and Cathi
83.7%
Leg 5 (Thailand)
Ernie and Cindy
83.7%
Leg 5 (Thailand)
Laurence and Zac
83.7%
Leg 8 (Denmark)
Andy and Tommy
83.7%
Leg 10 (Belgium)
Andy and Tommy
83.7%
Leg 12 (USA)
Amani and Marcus
83.7%
Leg 2 (Indonesia)
Jeremy and Sandy
82.7%
Leg 3 (Indonesia)
Jeremy and Sandy
82.7%
Leg 3 (Indonesia)
Amani and Marcus
82.7%
Leg 4 (Thailand)
Jeremy and Sandy
82.7%
Leg 4 (Thailand)
Amani and Marcus
82.7%
Leg 5 (Thailand)
Amani and Marcus
82.7%
Leg 5 (Thailand)
Jeremy and Sandy
82.7%
Leg 6 (Malawi)
Laurence and Zac
82.7%
Leg 6 (Malawi)
Ernie and Cindy
82.7%
Leg 6 (Malawi)
Bill and Cathi
82.7%
Leg 7 (Malawi)
Ernie and Cindy
82.7%
Leg 8 (Denmark)
Ernie and Cindy
82.7%
Leg
Team
% Correct
Leg 9 (Belgium)
Andy and Tommy
82.7%
Leg 10 (Belgium)
Bill and Cathi
82.7%
Leg 11 (Panama)
Ernie and Cindy
82.7%
Leg 3 (Indonesia)
Justin and Jennifer
81.7%
Leg 4 (Thailand)
Justin and Jennifer
81.7%
Leg 5 (Thailand)
Justin and Jennifer
81.7%
Leg 6 (Malawi)
Jeremy and Sandy
81.7%
Leg 7 (Malawi)
Bill and Cathi
81.7%
Leg 7 (Malawi)
Laurence and Zac
81.7%
Leg 8 (Denmark)
Bill and Cathi
81.7%
Leg 8 (Denmark)
Laurence and Zac
81.7%
Leg 9 (Belgium)
Bill and Cathi
81.7%
Leg 11 (Panama)
Jeremy and Sandy
81.7%
Leg 11 (Panama)
Amani and Marcus
81.7%
Leg 12 (USA)
Jeremy and Sandy
81.7%
Leg 6 (Malawi)
Justin and Jennifer
80.8%
Leg 6 (Malawi)
Amani and Marcus
80.8%
Leg 7 (Malawi)
Amani and Marcus
80.8%
Leg 7 (Malawi)
Jeremy and Sandy
80.8%
Leg 7 (Malawi)
Justin and Jennifer
80.8%
Leg 9 (Belgium)
Ernie and Cindy
80.8%
Leg 10 (Belgium)
Ernie and Cindy
80.8%
Leg 8 (Denmark)
Amani and Marcus
79.8%
Leg 8 (Denmark)
Jeremy and Sandy
79.8%
Leg 9 (Belgium)
Amani and Marcus
79.8%
Leg 9 (Belgium)
Jeremy and Sandy
79.8%
Leg 10 (Belgium)
Jeremy and Sandy
79.8%
Leg 10 (Belgium)
Amani and Marcus
79.8%
Quiz Playlist
Details
Report
Send in Message
Add To Playlist
More Info:
List team names as name1 name2. name2 name1 will also work.
Classic:
Type in answers that appear in a list
Forced Order:
Answers have to be entered in order
Quiz Source
Last Updated: Feb 16, 2017
Quiz Scoreboard
CHALLENGE
Sign Up to Join the Scoreboard
Show All
Scores
Hide
Comments
May contain spoilers
Recently Published
An Introduction to Baseball
by treessimontrees
Sports
5m
Movies - When Are They Set?
by FPL_Elf
Movies
5m
Popular People in 1961
by mucciniale
History
6m
More to Explore
Quiz From the Vault
Featured Blog Post
Where Did the Easter Bunny Come From?
hide this ad
You Might Also Like...
Tags
Amazing Race
Today's Top Quizzes in Television
Browse Television
hide this ad
Today's Top Quizzes in Amazing Race
Browse Amazing Race
Top Contributed Quizzes in Television
1
One Piece Logic Puzzle
2
5-to-1: The Simpsons Families
3
Survivor Logic Puzzle: Heroes vs. Villains
4
5-to-1: Television Doctors
5
7-to-1: TV Show Settings
6
Survivor Seasons
7
5-to-1: Streaming Originals
8
Survivor Season by Logo
9
One Thing in Common: Television
10
TV Shows by First Names
Explore More
Trending Topics
Anime
Marvel
Crossword
Harry Potter
Disney
NBA
Kpop
Soccer
NFL
Country
Pokémon
Puzzle
WWE
Song
The Office
hide this ad
More By:
unique2013
Quiz
Plays
Rating
Category
Featured
Created
The Amazing Race 21 Leg Placements
233
5.00
Television
Feb 14, 2013
The Amazing Race 20 Leg Placements
218
5.00
Television
Feb 14, 2013
The Amazing Race 18 Leg Placements
217
5.00
Television
Feb 14, 2013
The Amazing Race 12 Leg Placements
190
3.40
Television
Feb 14, 2013
The Amazing Race 17 Leg Placements
163
5.00
Television
Feb 14, 2013
Go to Creator's Profile
Score Distribution
Quiz Creator Spotlight
unique2013
Follow
Send a Message
Quizzes Created
-
Created Quiz Play Count
-
More By This Creator
Popular Quizzes Today
1
Find the Countries of Europe - No Outlines Minefield
2
Find the US States - No Outlines Minefield
3
The Countries of the World
4
Popular People in 1961
5
Find the US States
6
US States
7
1-10 Letter E Words III
8
Risky Map Clicking: Biggest States A-Z
More Television Quizzes
Bernadette Rostenkowski Start to Finish
Quiz Lab
Trending Quizzes
Risky Map Clicking: Least Populous States A-Z
1-10 Letter F Words
1-10 Letter G Words
Not Quite an Element Typing Challenge
One Thing in Common: United Kingdom
Recently Updated
Leaping Animals
pecheneg
Reality TV Shows (A-Z)
bhenderson79
Rickey Henderson's Hall of Fame Teammates
pecheneg
Champions League XIs: Arsenal
pecheneg
Quick Pick: Celebrities in WWE's Hall of Fame
aduchscher
A-Z Keypad Blitz II
pecheneg
Multiple Oscar Actors
pecheneg
Mystery Phrase Blitz: Oscar 'Best Actors'
pecheneg
F. Scott Fitzgerald Novels
LTH
Pick 3 Villains
ddd62291
Trending Topics
Disney
Harry Potter
NBA
Anime
Kpop
Marvel
Crossword
WWE
Soccer
Song
NFL
Puzzle
The Office
Pokémon
Country
Your Account Isn't Verified!
In order to create a playlist on Sporcle, you need to verify the email address you used during registration. Go to your
Sporcle Settings
to finish the process.
Report this User
Report this user for behavior that violates our
Community Guidelines
.
Details:
Send Report
Go to the Sporcle.com Mobile Site →
Comments